000 00335 a2200145 4500
001 167321
020 _a
040 _cMagnum
100 _aSilva, Jair Militao da (Org.)
240 1 0 _aOs educadores e o cotidiano escolar
_lpor
245 1 0 _aOs educadores e o cotidiano escolar
362 0 _a1899
697 _aENSINO
942 _cBK
999 _c167321
_d167321